| 000 | 01161cam a22003134a 4500 | ||
|---|---|---|---|
| 999 |
_c4064 _d4064 |
||
| 001 | 12158133 | ||
| 003 | GBCCL | ||
| 005 | 20241126110510.0 | ||
| 008 | 000829s2001 mou d 000 0 eng | ||
| 010 | _a 00011189 | ||
| 020 | _z0570052210 | ||
| 040 |
_aDLC _cDLC _dDLC |
||
| 042 |
_apcc _alcac |
||
| 050 | 0 | 0 |
_aBV4531.2 _b.A87 2001 |
| 082 | 0 | 0 |
_a248.83 _221 _bAUS |
| 100 | 1 |
_aAusenhus, Pam, _d1959- _97819 |
|
| 245 | 1 | 0 |
_aRunning the race of faith : _bliving a life of faith and purpose : 8 week devotional journal / _cPam Ausenhus. |
| 260 |
_aSt. Louis, MO : _bConcordia Pub. House, _cc2001. |
||
| 300 |
_a174 p. ; _c20 cm. |
||
| 630 | 0 | 0 |
_aBible. _pHebrews, XII, 12 _xCriticism, interpretation, etc. _97820 |
| 650 | 0 |
_aStudents _vPrayers and devotions. _97821 |
|
| 650 | 0 |
_aDevotional calendars. _91878 |
|
| 650 | 1 |
_aPrayer books and devotions. _92800 |
|
| 650 | 1 |
_aDevotional calendars. _91878 |
|
| 650 | 1 |
_aChristian life. _9183 |
|
| 906 |
_a7 _bcbc _corignew _d1 _eecip _f20 _gy-gencatlg |
||
| 942 |
_2ddc _cBK _03 |
||